000 00288nam a22001337a 4500
008 170621b xxu||||| |||| 00| 0 eng d
020 _a9781568028958
041 _aeng
080 _22ND
_a32
100 _a20
101 _aSHP
245 _aUO IN SMOKE
_cDERTHICK,M.A
942 _2udc
_cBK
999 _c18466
_d18466